[Event "FIDE World Cup 2011"]
[Site "Khanty-Mansiysk RUS"]
[Date "2011.08.28"]
[Round "1.1"]
[White "Nisipeanu, Liviu-Dieter"]
[Black "Kasimdzhanov, Rustam"]
[Result "0-1"]
[WhiteTitle "GM"]
[BlackTitle "GM"]
[WhiteElo "2641"]
[BlackElo "2669"]
[WhiteFideId "1202758"]
[BlackFideId "14200244"]
[EventDate "2011.08.28"]

1. d4 Nf6 2. c4 g6 3. Nc3 d5 4. Bg5 Ne4 5. Bh4 Nxc3 6. bxc3 dxc4 7. e3 Be6 8.
Nf3 Bg7 9. Be2 O-O 10. O-O c5 11. Rb1 b6 12. Qc2 Nc6 13. Rfd1 cxd4 14. cxd4 Bf5
15. e4 Bg4 16. d5 Na5 17. d6 Bf6 18. Bxf6 exf6 19. Nd4 Bd7 20. Nb5 Rc8 21. Nc7
Nb7 22. Rd4 Nxd6 23. Na6 Qe7 24. Rbd1 Bb5 25. Nb4 Ne8 26. Nd5 Qa3 27. Bxc4 Kg7
28. Qd3 Qxd3 29. Bxd3 Nc7 30. Nxc7 Bxd3 31. Rd7 Be2 32. Re1 Bg4 33. Re7 Rfd8 34.
h3 Kf8 35. Nd5 Bd7 36. g4 b5 37. Kg2 Rc2 38. a3 a5 39. Kg3 Rc5 40. Re3 b4 41.
axb4 axb4 42. Rxd7 Rxd7 43. Nxb4 f5 44. gxf5 gxf5 45. f3 Rd4 46. Nd5 Rcxd5 0-1

[Event "FIDE World Cup 2011"]
[Site "Khanty-Mansiysk RUS"]
[Date "2011.08.28"]
[Round "1.1"]
[White "Iordachescu, Viorel"]
[Black "Feller, Sebastien"]
[Result "1-0"]
[WhiteTitle "GM"]
[BlackTitle "GM"]
[WhiteElo "2646"]
[BlackElo "2666"]
[WhiteFideId "13900200"]
[BlackFideId "634654"]
[EventDate "2011.08.28"]

1. c4 e6 2. d4 d5 3. Nc3 Bb4 4. Nf3 Nf6 5. e3 O-O 6. Bd3 c5 7. O-O Nc6 8. a3
Bxc3 9. bxc3 Qc7 10. h3 dxc4 11. Bxc4 e5 12. Ba2 Bf5 13. d5 Rad8 14. c4 Ne7 15.
Bb2 Ng6 16. a4 Rfe8 17. Nh2 e4 18. f4 exf3 19. Rxf3 Bc8 20. Bxf6 gxf6 21. Bb1
Qe5 22. Ra3 Rd6 23. a5 Qg5 24. Nf1 f5 25. Qe1 Re5 26. Qf2 Qh4 27. Qxh4 Nxh4 28.
Rf2 Ra6 29. Kh2 Bd7 30. Rb3 b5 31. axb6 axb6 32. Rfb2 b5 33. cxb5 Rb6 34. Nd2
Rxd5 35. Nc4 Rb8 36. b6 Be6 37. Rc3 Ng6 38. Na5 Ne5 39. e4 fxe4 40. Bxe4 Rd4 41.
Re3 Ra4 42. Rb5 Nc4 43. Nxc4 Bxc4 44. Rxc5 Rxb6 45. Bc6 Rxc6 46. Rxc6 Be6 47.
Rg3+ Kf8 48. Rc5 Rh4 49. Ra5 Ke7 50. Rg8 Kf6 51. g4 Ke7 52. Kg3 Rh6 53. Ra7+ Bd7
54. Rh8 Rd6 55. Rxh7 Kf8 56. Rh8+ Ke7 57. Kh4 Rd1 58. Rb8 Kf6 59. g5+ Kg7 60.
Rd8 Bg4 61. Rxd1 Bxd1 62. Ra6 Be2 63. Rb6 Bd1 64. Kg3 Be2 65. Rd6 Bh5 66. Kf2
Bg6 67. h4 Bh5 68. Rh6 Bg4 69. Kg3 Bd1 70. h5 Be2 71. Kh4 Bd1 72. Rd6 Be2 73.
Rd7 Bc4 74. Rc7 Bb3 75. Rd7 Bc4 76. Kg3 Be2 77. h6+ Kg6 78. Kf4 Bf1 79. Rd8 Kh7
80. Ke5 Be2 81. Kf6 Bh5 82. Rf8 Bg6 83. Rxf7+ Bxf7 84. Kxf7 Kh8 85. h7 1-0

[Event "FIDE World Cup 2011"]
[Site "Khanty-Mansiysk RUS"]
[Date "2011.08.28"]
[Round "1.1"]
[White "Timofeev, Artyom"]
[Black "Azarov, Sergei"]
[Result "1/2-1/2"]
[WhiteTitle "GM"]
[BlackTitle "GM"]
[WhiteElo "2665"]
[BlackElo "2648"]
[WhiteFideId "4140419"]
[BlackFideId "13501470"]
[EventDate "2011.08.28"]

1. e4 e5 2. Nf3 Nc6 3. Bb5 f5 4. Nc3 fxe4 5. Nxe4 Nf6 6. Nxf6+ Qxf6 7. Qe2 Be7
8. Bxc6 bxc6 9. Nxe5 Qe6 10. Qe3 O-O 11. O-O Ba6 12. d3 Rae8 13. Bd2 Bf6 14. Nf3
Bxb2 15. Rab1 Qxa2 16. Qxa7 Bf6 17. Bg5 Ra8 18. Qxc7 Bxg5 19. Nxg5 h6 20. Nf3
Qxc2 21. Qxd7 Qxd3 22. Qxc6 Qf5 23. Rfe1 Be2 24. Rb3 Rac8 25. Qb6 Bxf3 26. Rxf3
Rfe8 27. Rf1 Qe6 28. Qd4 Rc1 29. Re3 Rxf1+ 30. Kxf1 Qa6+ 31. Kg1 Rf8 32. h4 Qf6
33. Qc4+ Qf7 34. Qe2 Kh8 35. Rf3 Re8 36. Re3 Rf8 37. Re4 Qd7 38. Re7 Qc6 39. Qe3
Qg6 40. Qe2 Qb1+ 41. Kh2 Qb4 42. Re4 Rxf2 43. Rxb4 Rxe2 44. Kg3 1/2-1/2

[Event "FIDE World Cup 2011"]
[Site "Khanty-Mansiysk RUS"]
[Date "2011.08.28"]
[Round "1.1"]
[White "Khairullin, Ildar"]
[Black "Ni, Hua"]
[Result "1/2-1/2"]
[WhiteTitle "GM"]
[BlackTitle "GM"]
[WhiteElo "2649"]
[BlackElo "2662"]
[WhiteFideId "4151348"]
[BlackFideId "8601160"]
[EventDate "2011.08.28"]

1. c4 c6 2. Nf3 d5 3. d4 Nf6 4. Qb3 dxc4 5. Qxc4 Bg4 6. Nbd2 Nbd7 7. g3 e6 8.
Bg2 Be7 9. O-O O-O 10. Ne5 Bh5 11. Nxd7 Nxd7 12. Ne4 Qb6 13. b3 a5 14. e3 Qa6
15. Bd2 e5 16. Bc3 b5 17. Qd3 Rfd8 18. Bb2 Bg6 19. Rac1 f5 20. Nd2 e4 21. Qe2
Nf6 22. f3 a4 23. bxa4 bxa4 24. Qf2 Rab8 25. Nc4 Bf7 26. Ne5 Bd5 27. fxe4 fxe4
28. Bc3 a3 29. g4 Qc8 30. Qg3 Nd7 31. Ba5 Nxe5 32. Bxd8 Nf3+ 33. Bxf3 Qxd8 34.
Bg2 Bd6 35. Qf2 Rb2 36. Rc2 Rxc2 37. Qxc2 Qh4 38. Bh1 Qxg4+ 39. Qg2 Qxg2+ 40.
Bxg2 Bxa2 41. Bxe4 Bc4 42. Ra1 a2 43. Bxc6 Bb4 44. Bb5 Bb3 45. Ba4 Bc4 46. Bb5
Bb3 47. Ba4 Bf7 48. Be8 Bxe8 49. Rxa2 Kf7 50. Ra7+ Kf6 51. Kf2 Bd6 52. h3 h5 1/2-1/2

[Event "FIDE World Cup 2011"]
[Site "Khanty-Mansiysk RUS"]
[Date "2011.08.28"]
[Round "1.1"]
[White "Fridman, Daniel"]
[Black "Lupulescu, Constantin"]
[Result "1/2-1/2"]
[WhiteTitle "GM"]
[BlackTitle "GM"]
[WhiteElo "2659"]
[BlackElo "2650"]
[WhiteFideId "11600454"]
[BlackFideId "1207822"]
[EventDate "2011.08.28"]

1. d4 Nf6 2. Nf3 d5 3. c4 e6 4. Nc3 dxc4 5. e3 a6 6. a4 c5 7. Bxc4 Nc6 8. O-O
Be7 9. dxc5 O-O 10. Ng5 Bxc5 11. Nge4 Be7 12. b3 Qc7 13. Ba3 Rd8 14. Nxf6+ Bxf6
15. Qc2 Be7 16. Bxe7 1/2-1/2

[Event "FIDE World Cup 2011"]
[Site "Khanty-Mansiysk RUS"]
[Date "2011.08.28"]
[Round "1.1"]
[White "Ragger, Markus"]
[Black "Alekseev, Evgeny"]
[Result "1/2-1/2"]
[WhiteTitle "GM"]
[BlackTitle "GM"]
[WhiteElo "2651"]
[BlackElo "2659"]
[WhiteFideId "1610856"]
[BlackFideId "4138147"]
[EventDate "2011.08.28"]

1. d4 Nf6 2. c4 e6 3. Nf3 d5 4. Nc3 Be7 5. Bg5 O-O 6. e3 h6 7. Bh4 Ne4 8. Bxe7
Qxe7 9. Rc1 c6 10. g4 Nd7 11. h4 Nd6 12. c5 Ne8 13. g5 e5 14. gxh6 gxh6 15. Rg1+
Ng7 16. Bh3 f5 17. dxe5 Nxe5 18. Nxe5 1/2-1/2